000 00848nam a2200217 i 4500
001 152841
003 ES-MaACL
005 20250822004010.0
008 931025s1703 it ax |||| | ita d
040 _aCAM
_bspa
_cPAB
100 1 _aBulifon, Antonio.
_932500
245 1 0 _aGiornale del viaggio d'Italia dell invittissimo e gloriosissimo monarca Filippo V ... /
_cscritto da Antonio Bulifon.
260 _aIn Napoli :
_bappresso Niccoló Bulifoni,
_c1703.
300 _a[20], 412 p., [3] h. de grab., [5] h. pleg. de grab. ;
_c12º.
597 _aSign.: a2-a11 A-R12, S2.
599 _aLas h. de grab. calc., retrato del autor y planos de batallas.
600 0 4 _aFelipe
_bV,
_cRey de España
_949182
650 0 4 _aItalia-
_xHistoria.
_9186625
852 _aES-MaACL
_jR-605
_z-- Enc. perg.
_x-- Olim: F-10153
999 _c152841
_d152841